Statistics for Ultimate Maze Runner Trilogy Quiz

Click here to take the quiz!

General Stats

  • This quiz has been taken 146 times
  • The average score is 43 of 72

Answer Stats

HintAnswer% Correct
Main protagonist who wakes up as the new greenie at the startThomas
100%
Leader of the builders and Thomas's enemy while in the gladeGally
99%
Second in commandNewt
99%
Leader of the GladersAlby
97%
Youngest GladerChuck
97%
Leader of the runnersMinho
97%
The only female gladerTeresa
96%
Boy who can be heard going through the changing at the start of the bookBen
92%
The cook in the gladeFrypan
92%
Leader of the slicersWinston
86%
Name of the creatures found in the mazeGrievers
85%
Girl who helps Thomas through the underneathBrenda
84%
What is Rat-Man's real nameA.D. Janson
80%
Boy who is found in teresa's roomAris
80%
Leader of the gardensZart
80%
How many sections are there to the maze?8
77%
Med jack #1Clint
77%
Med jack #2Jeff
76%
Gang leader who helps Thomas and his friends across the scorchJorge
76%
What does the note say that teresa carries when she arrives in the box"She's The Last One Ever"
76%
Other female in group B with blonde hairSonya
73%
Name of the place in the middle of the maze where the Gladers resideThe Glade
73%
Group that is mimicking wicked by kidnapping immunesThe Right Arm
72%
With what item does Gally use to kill ChuckA gun
71%
Name of the virus that has spread across the worldThe Flare
71%
What does Newt beg Thomas to do?Kill him
70%
Name given to the infected people who are past the GoneCranks
67%
Female leader of group BHarriet
66%
How long have the Gladers been stuck inside the maze2 years
65%
What is the name given for the man sitting behind the glassRat-Man
65%
Thomas and Teresa share what ability between each otherTelepathy
63%
Who leads this group^Vince
63%
Minho's tattoo says what?"The Leader"
62%
Newt's tattoo says what?"The Glue"
59%
What is written next to Teresa's name"The Betrayer"
58%
Who stops the operation from going ahead on ThomasChancellor Ava Paige
56%
Aris's telepathic partner that was killedRachel
54%
What part of the body is Thomas shotShoulder
53%
Where newt is takenThe Crank Palace
53%
Name given to the immune peopleMunies
52%
Thomas's tattoo says what?"To be killed by group B"
52%
What body part is the crank that Thomas and Brenda come across in the underneath missing?A nose
51%
Name of the house/building the Gladers sometimes sleep inThe Homestead
51%
Teresa says what to Thomas telepathically at the very end of the book"Wicked is good"
51%
What does WICKED stand for?World In Catastrophe Killzone Experiment Department
51%
In what vehicle are the remaining Gladers taken away in at the end?A Bus
48%
Name of the mechanical robots that act as surveillance tools in the mazeBeetleblades
48%
Heavy-duty air craft used by WCKDBerg
48%
Person who shoots ThomasBlondie
48%
What type of teleportation to the gladers use to get to the scorchFlat-Trans
48%
Name of the place in the maze where Thomas and Minho find the griever holeThe Cliff
48%
What organ does WCKD want to harvest from Thomas to find a cure?His Brain
47%
What they call people who work in the gardensTrack-Hoes
47%
What is sticking out of the ground to represent the safe havenA stick
46%
What city does the group travel to after escaping WCKD?Denver
46%
Name of the forest where the graveyard is locatedThe Deadheads
43%
What fills up the room that Thomas is thrown into by Teresa and ArisGas
42%
Who took this body part^?Rose
39%
Who gets their head chopped off by a silver ballFrankie
38%
What establishment is Thomas in when an arrest is made on someone for being infectedA Cafe
37%
What kind of weather phenomenon kills a few GladersLightning storm
37%
What is removed to give the gladers their memories backThe Swipe
37%
Item Frypan refuses to give upWax paper
37%
Name of weapons used by WCKDLaunchers
34%
Man who takes Thomas and Brenda to VinceLawrence
34%
Friend of BlondiePonytail
32%
Part of the brain that is studied to try find a cureThe Killzone
30%
What are the six code words used to end the mazeFLOAT, CATCH, BLEED, DEATH, STIFF, PUSH
27%
Member of the gang that sets off an explosion to try kill Thomas and the GladersBarkley
24%
Name of wicked pilot that takes the Gladers away in a berg at the endDavid
24%
Where does Thomas discover the Immunes are being keptInside the Maze
23%
How does Thomas kill Rat-ManStrangles him
23%

Score Distribution

Percentile by Number Answered

Percent of People with Each Score

Your Score History

You have not taken this quiz